Poesías religiosas, morales y de asunto vario / (Record no. 165283)

MARC details
000 -LEADER
campo de control de longitud fija 00618nam a22001815i 4500
001 - NÚMERO DE CONTROL
campo de control 165283
003 - IDENTIFICADOR DE NÚMERO DE CONTROL
campo de control ES-MaACL
005 - FECHA Y HORA DE LA ÚLTIMA TRANSACCIÓN
campo de control 20230906213114.0
008 - DATOS DE LONGITUD FIJA--INFORMACIÓN GENERAL
campo de control de longitud fija 021211s1889 sp |||| | spa d
040 ## - FUENTE DE CATALOGACIÓN
Centro catalogador/agencia de origen AN
Lengua de catalogación spa
Centro/agencia transcriptor AN
080 ## - NÚMERO DE LA CLASIFICACIÓN DECIMAL UNIVERSAL
Número de la Clasificación Decimal Universal 821.134.2-14"18"
100 1# - ENTRADA PRINCIPAL--NOMBRE DE PERSONA
Nombre de persona Sevillano, Cipriano.
9 (RLIN) 132695
245 10 - MENCIÓN DEL TÍTULO
Título Poesías religiosas, morales y de asunto vario /
Mención de responsabilidad, etc. por el presbítero Cipriano Sevillano.
260 ## - PUBLICACIÓN, DISTRIBUCIÓN, ETC.
Lugar de publicación, distribución, etc. Granada :
Nombre del editor, distribuidor, etc. [s.n.],
Fecha de publicación, distribución, etc. 1889 (
Fabricante Imp. de José López Guevara)
300 ## - DESCRIPCIÓN FÍSICA
Extensión VIII, 190 p. ;
Dimensiones 23 cm.
596 ## - NOTA AL PIE DE IMPRENTA
NOTA AL PIE DE IMPRENTA Marca tip. en port.
852 ## - LOCALIZACIÓN
Ubicación ES-MaACL
Número de control de estantería L-4907(14-1)
Nota libre -- Enc. hol.
-- .- Donativo Roda
Holdings
Estatus retirado Estado de pérdida Estado de daño No para préstamo Colección Biblioteca de origen Biblioteca actual Ubicación en estantería Fecha de adquisición Fuente de adquisición Total de préstamos Signatura topográfica completa Código de barras Visto por última vez Precio de reemplazo Tipo de ítem Koha
        Libros del s. XIX Biblioteca del Ateneo de Madrid Biblioteca del Ateneo de Madrid Depósito 2 17/01/2008     L-4907(14-1) 1173317 23/02/2023 23/02/2023 Libro impreso antiguo